La producción simbólica en la América colonial (notice nᵒ 6099)
[ vue normale ]
| 000 -Sello discográfico | |
|---|---|
| campo de control de longitud fija | 01418nam a2200337 4500 |
| 005 - Identificación de versión | |
| campo de control | 20251016084602.0 |
| 010 ## - Número Estándar Internacional de Libros (ISBN) | |
| Número (ISBN) | 968-36-8931-0 |
| 099 ## - fechas locales | |
| Tipo de ítem Koha | LIBRO |
| 100 ## - Datos de procesamiento general | |
| Datos de procesamiento general | 20220406d2001 m y1spay5003 ba |
| 105 ## - Campo de datos codificados: Material textual, monográfico | |
| Datos codificados de monografía | a 001zy |
| 200 1# - Título y mención de responsabilidad | |
| Título propio | La producción simbólica en la América colonial |
| Designación general del material | texto impreso |
| Otra información del título | interrelación de la literatura y las artes |
| Primer mención de responsabilidad | edición José Pascual Buxó |
| Declaración de responsabilidad subsiguiente | colaboración Dalia Hernández Reyes, Dalmacio Rodríguez Hernández |
| 205 ## - Declaración de edición | |
| Declaración de edición | 1a ed |
| 210 ## - Publicación, distribución, etc. | |
| Lugar de publicación, distribución, etc. | México |
| Nombre del editor, distribuidor, etc. | Universidad Nacional Autónoma de México, Instituto de Investigaciones Bibliográficas, Seminario de Cultura Literaria Novohispana : Conacyt |
| Fecha de publicación, distribución, etc. | 2001 |
| 215 ## - Descripción física | |
| Designación de material específico y extensión del ítem | 600 p |
| Otras características físicas | il. |
| Dimensiones | 23 cm |
| 300 ## - Notas generales | |
| Texto de la nota | Incluye referencias bibliográficas e índice |
| 345 ## - Nota de información de adquisición | |
| Fuente de adquisición/dirección de la suscripción [OBSOLETO] | Donación |
| 410 #1 - Series | |
| Título | Serie Estudios de Cultura Literaria Novohispana |
| Número de volumen | 15 |
| 606 ## - Término temático usado como materia | |
| Elemento de entrada | Literatura hispanoamericana |
| Subdivisión cronológica | Hasta 1800 |
| Subdivisión temática | Historia y crítica |
| Número Koha | 11648 |
| 606 ## - Término temático usado como materia | |
| Elemento de entrada | Simbolismo en la literatura |
| Número Koha | 10654 |
| 660 ## - Código de área geográfica | |
| Código | MX |
| 702 ## - Nombre personal - Responsabilidad secundaria | |
| Elemento de entrada | Hernández Reyes |
| Parte del nombre distinta del elemento de entrada | Dalia Fabiola |
| Número Koha | 11649 |
| 702 ## - Nombre personal - Responsabilidad secundaria | |
| Elemento de entrada | Pascual Buxó |
| Parte del nombre distinta del elemento de entrada | José |
| Fechas | 1931-2019 |
| Número Koha | 6955 |
| 702 ## - Nombre personal - Responsabilidad secundaria | |
| Elemento de entrada | Rodríguez Hernández |
| Parte del nombre distinta del elemento de entrada | Dalmacio |
| Número Koha | 11650 |
| 801 #0 - Fuente de origen | |
| País | FR |
| Agencia | cm |
| Reglas de catalogación (convenciones descriptivas) | AFNOR |
| 900 ## - | |
| -- | 1/21673 |
| 900 ## - | |
| -- | 7100417642\080104 |
| 942 ## - ELEMENTOS DE ENTRADA SECUNDARIOS (KOHA) | |
| Tipo de ítem Koha | Livre |
| 996 ## - | |
| -- | MEX |
| -- | 751145101 |
| -- | MMAG |
| -- | 006312 |
| -- | H860.9 P964 |
| -- | 20220406LIV |
| Estatus retirado | Estado de daño | Estado de pérdida | Fecha de adquisición | Biblioteca de origen | Biblioteca actual | Ubicación en estantería | Código de barras | Precio de reemplazo | Signatura topográfica completa | No para préstamo | Tipo de ítem Koha | Nota pública | Nota no pública |
|---|---|---|---|---|---|---|---|---|---|---|---|---|---|
| 05/08/2025 | Casa México Paris | Casa México Paris | 006312 | 05/08/2025 | H860.9 P964 | Livre | 20220406LIV | 751145101 |